000 00631nam a2200241Ia 4500
001 53606
005 20240114005351.0
007 ta
008 110211s2002 g b000 u asm u
040 _aCotton College,Assam
041 _aasm
082 _a891.41
_bGo 557 Ad
100 _aGogoi, Lila .
245 0 _aAdhunik Asamiya Sahityar Parichay /
_cLila Gogoi.
_hTextual Documents
250 _aIst ed. /
260 _aGuwahati :
_bBanalata ,
_c2002.
300 _a372pg ;
_c18cm.
653 _aAssamese literature
653 _aDeptt- Assamese
942 _2ddc
_cBK
999 _c53569
_d53569